00417cam a2200157 a 4500020002500000082001200025100001900037245004100056250001200097260002500109300002400134500002000158650003000178650003100208700002000239 a8123905130 (pt. 1) :00a615/BEC1 aBeckett, A. H.10aPractical pharmaceutical chemistry / a4th ed. aNew DelhibCBSc1997 av. <1 > :bill. ; aIncludes index. 0aPharmaceutical chemistry. 2aChemistry, Pharmaceutical.1 aStenlake, J. B.